Normal view
MARC view
Entry Personal Name
001 - CONTROL NUMBER
- control field: 47433
003 - CONTROL NUMBER IDENTIFIER
- control field: dpl
005 - DATE AND TIME OF LATEST TRANSACTION
- control field: 20120519115604.0
008 - FIXED-LENGTH DATA ELEMENTS
- fixed length control field: 120519|||a|||||| | ||| d
040 ## - CATALOGING SOURCE
- Original cataloging agency: dpl
- Transcribing agency: dpl
100 ## - HEADING--PERSONAL NAME
- Personal name: मंगल, एस.के.
670 ## - SOURCE DATA FOUND
- Source citation: Work cat.: (dpl): मंगल, एस.के., बाल विकास / , 1998
670 ## - SOURCE DATA FOUND
- Source citation: Work cat.: (dpl): मंगल, एस.के., बाल विकास / , 1998
